| 000 | 00649nmc a2200253 a 4500 | ||
|---|---|---|---|
| 003 | AR-BaBNM | ||
| 005 | 20251128202712.0 | ||
| 008 | 085020s1997 ||||||||||||||000 | spa|| | ||
| 020 | _a84-207-7519-3 | ||
| 040 | _cAR-BaBNM | ||
| 100 | 1 | _aPrado, Benjamín | |
| 245 | 1 | 0 | _aDónde crees que vas y quién te crees que eres |
| 250 | _a2ª ed. | ||
| 260 |
_aMadrid _bAnaya _c1997 |
||
| 300 | 0 | _a126 p. | |
| 490 | 0 |
_aEspacio abierto _vv. 45 |
|
| 650 | 4 | _aLITERATURA ESPANOLA | |
| 650 | 4 | _aLITERATURA CONTEMPORANEA | |
| 650 | 4 | _aNOVELAS | |
| 650 | 4 | _aDESARROLLO DE LA PERSONALIDAD | |
| 655 | _aLITERATURA | ||
| 942 | _cBK | ||
| 998 | _cme-solo cat | ||
| 999 |
_c186 _d186 |
||